=LDR 00000nam 2200000 4500 =001 INLIS000000000034888 =005 20130612140759 =008 ***********************************ind** =035 ##$$a0010-061300000034888 =041 ##$$a ind =082 ##$$a 813 =090 ##$$a 813, Ish r =100 ##$$a Ishigro, Kazuo =245 ##$$a Remains of the day, Puing-puing kehidupan/oleh Kazuo Ishigro =260 ##$$a 2007 $b Jakarta =300 ##$$a 337 hlm., 20 cm =650 ##$$a Fiksi Indonesia - Dewasa =850 ##$$a NBPNMAT =990 ##$$a 0001/BPAP-NTB/20142014 =990 ##$$a 0001/BPAP-NTB/20142014